Anketa so starostami obcí v okolí Vodného diela Gabčíkova

Bibliographic Details
Main Authors: Bertalan, Juraj (Author), Matuška, Ladislav (Author), Bónová, Zuzana (Author), Takács, Ernest (Author)
Format: Article
Language:Slovak
PhysicalDescription:Fotogr.
ISSN:1335-4050
Subjects:

MARC

LEADER 00000nab a2200000 a 4500
001 vtls011613616
003 SK-MaSNL
005 20260303165945.0
008 170224|20170223xo dr | 000 0|slo
015 |a SNBRB2017/02 
038 |a DSZK 
040 |a DSZK  |b slo  |c DSZK  |e AACR2 
041 0 |a slo 
044 |a xo  |c SK 
080 |a 656.132  |x (437.612)  |2 2011 
080 |a 352.075.51  |x (437.612)  |2 2011 
245 0 0 |a Anketa so starostami obcí v okolí Vodného diela Gabčíkova  |c [autori] (zan), Juraj Bertalan, Ladislav Matuška, Zuzana Bónová, Ernest Takács 
300 |b Fotogr. 
650 0 7 |a školské autobusy  |2 dszk  |9 1087849 
650 0 7 |a starostovia  |2 SNKPH  |9 29670 
650 0 7 |a názory a postoje  |2 SNKPH  |9 4303 
651 7 |a Baka (Slovensko)  |2 SNKPH  |9 92296 
651 7 |a Jurová (Slovensko)  |2 SNKPH  |9 109488 
651 7 |a Trstená na Ostrove (Slovensko)  |2 SNKPH  |9 23022 
651 7 |a Pataš (Slovensko)  |2 SNKPH  |9 105570 
700 1 |a Bertalan, Juraj  |4 aut  |9 1192741 
700 1 |a Matuška, Ladislav  |4 aut  |9 1192742 
700 1 |a Bónová, Zuzana  |4 aut  |9 1192743 
700 1 |a Takács, Ernest  |4 aut  |9 1192744 
773 0 |t Pravda  |g Roč. XXVI, č. 45 (23.2.2017), s. 3  |x 1335-4050 
852 |a DSZK  |b KIS3GCP 
958 |a SK 
999 |c 2074539  |d 2076469